Malá privatizace - právní úprava.

Celková charakteristika právnej úpravy a výklad zákona č. 427/1990 Zb. o prevodoch vlastníctva štátu k niektorým veciam na iné právnické alebo fyzické osoby a zákona ČNR č. 500/1990 Zb.

Gespeichert in:
Bibliographische Detailangaben
1. Verfasser: Kopp, K.
Format: Buchkapitel
Sprache:Tschechisch
Schlagworte:
Tags: Tag hinzufügen
Keine Tags, Fügen Sie das erste Tag hinzu!

MARC

LEADER 00000naa a2200000 4500
001 r004015
005 20221125081439.7
041 0 |a cze 
044 |a [CS] 
245 1 0 |a Malá privatizace - právní úprava.  |c K. Kopp 
520 |a Celková charakteristika právnej úpravy a výklad zákona č. 427/1990 Zb. o prevodoch vlastníctva štátu k niektorým veciam na iné právnické alebo fyzické osoby a zákona ČNR č. 500/1990 Zb. 
610 2 0 |a privatizácia 
610 2 0 |a predpisy právne 
610 2 0 |a zákony 
610 2 0 |a ČSFR 
610 2 0 |a vlastníctvo štátne 
610 2 0 |a 1990 
100 1 |a Kopp, K.